000
00255nam a2200097Ia 4500
001
949912
005
20250826215621.0
008
250824s9999 xx 000 0 und d
245
0
_a
İNANILMAZ HAYVAN MACERASI
_c
BRENDAN KEARNEY
260
_b
HEP KİTAP YAYINLARI
999
_c
949912
_d
949912